| 000 | 00449pab a2200169 454500 | ||
|---|---|---|---|
| 008 | 180718b1995 xxu||||| |||| 00| 0 eng d | ||
| 100 | _aPatnaik, Prabhat | ||
| 245 | _aPlan versus market in the contemporary world. | ||
| 260 | _c1995 | ||
| 300 | _ap.993-97 | ||
| 362 | _a6 May | ||
| 650 | _aIndia - Economic policy | ||
| 650 | _aEconomic development - India | ||
| 650 | _aEconomics | ||
| 773 | _aEconomic and Political Weekly | ||
| 909 | _a28551 | ||
| 999 |
_c28551 _d28551 |
||